| 000 | 00387nam a2200145 a 4500 | ||
|---|---|---|---|
| 001 | 000016731 | ||
| 005 | 20200929164943.0 | ||
| 008 | 100310s1940 dr 000 0 spa d | ||
| 040 |
_aDO-SdBNP _bspa _cBNPHU |
||
| 082 |
_axxx _bE795 |
||
| 245 | 0 | 0 | _aEstatutos del Club Deportivo Antillas, Inc. |
| 260 |
_aCiudad Trujillo _fLa Opinión _c1940. |
||
| 300 |
_a28 p. ; _c21 cm. |
||
| 049 | _aBNPD | ||
| 999 |
_c16263 _d16263 |
||